000
00316nam a22001337a 4500
003
SGT
082
_a
613.2
_b
M14R
100
_a
ROSS, A. CATHARINE
245
_a
MODERN NUTRITION IN HEALTH AND DISEASE
260
_a
PHILADELPHIA
_b
WOLTERS KULWER
_c
2014
300
_a
1616
650
_a
NUTRITION
942
_2
ddc
_c
BK
999
_c
12051
_d
12051